000 00625nam a2200217Ii 4500
003 JO-AjNU
008 230606s9999||||xx |||||||||||||| ||und||
020 _a978-0-12-818200-0
040 _aJO-AjNU
_beng
_erda
_cJO-AjNU
041 _aeng
050 1 4 _aTK5150.5.P47 2022
100 3 _a.Peterson, Larry L, ,Bruce S.Davie,
_eauthor
_96601
245 0 0 _aComputer Networks:A Systems Approach
250 _a6ed
264 3 1 _aUSA: MORGAN KAUFMANN ,2022
300 _a811p
336 _atext
_btxt
_2rdacontent
337 _aunmediated
_bn
_2rdamedia
338 _avolume
_bnc
_2rdacarrier
650 4 _acomputer network
_96602
999 _aE3427
_c3421
_d3421